| 000 | 00704nam a2200229 a 4500 | ||
|---|---|---|---|
| 999 |
_c1956 _d1956 |
||
| 001 | 1956 | ||
| 003 | BD-JhCC | ||
| 005 | 20171026192822.0 | ||
| 008 | 171026s2005 bg ||||| |||| 00| 0 ben d | ||
| 020 | _a9848130674 | ||
| 035 | _a(BD-JhCC)1956 | ||
| 040 |
_aBD-JhCC _dBD-JhCC |
||
| 041 | _aben | ||
| 082 |
_a330.95492 _bMUH 2005 |
||
| 100 | _aমুহাম্মদ, আনু | ||
| 245 |
_aবাংলাদেশের অর্থনীতির গতিমুখ / _cআনু মুহাম্মদ |
||
| 260 |
_aঢাকা : _bশ্রাবণ প্রকাশনী, _c2005. |
||
| 300 |
_a164 p. : _c21 cm. |
||
| 650 |
_aEconomics _zBangladesh |
||
| 942 |
_2ddc _cBK |
||